Normal view
MARC view
- Great Britain
Entry Corporate Name
001 - CONTROL NUMBER
- control field: 6075
003 - CONTROL NUMBER IDENTIFIER
- control field: OSt
005 - DATE AND TIME OF LATEST TRANSACTION
- control field: 20190806150249.0
008 - FIXED-LENGTH DATA ELEMENTS
- fixed length control field: 120516n| acannaabn |n ana d
040 ## - CATALOGING SOURCE
- Original cataloging agency: OSt
- Transcribing agency: OSt
110 2# - HEADING--CORPORATE NAME
- Corporate name or jurisdiction name as entry element: Great Britain
- Subordinate unit: Board of Trade
670 ## - SOURCE DATA FOUND
- Source citation: The governors of St. Thomas' Hospital, versus the Charing Cross Railway Company. Minutes of evidence taken before John Stewart, esq., the umpire appointed by the Board of Trade, at the Westminster Palace Hotel... Preceded by a brief introduction, and illustrated by plans; together with copies of umpire's declaration and award, 1861